Anglicko-slovenský a slovensko-anglický slovník termínov internetu

Salvato in:
Dettagli Bibliografici
Autore principale: Breveníková, Daniela
Altri autori: Breveník, Gustáv
Natura: Libro
Lingua:slovacco
inglese
Pubblicazione: Bratislava Mikula 2009
Soggetti:
Tags: Aggiungi Tag
Nessun Tag, puoi essere il primo ad aggiungerne!!

MARC

LEADER 00000nam$a2200000$$$4500
001 0103799
005 20240502072130.4
020 |a 978-80-88814-64-1 
041 0 |a slo 
041 0 |a eng 
044 |a SK 
245 1 0 |a Anglicko-slovenský a slovensko-anglický slovník termínov internetu  |c Daniela Breveníková, Gustáv Breveník 
264 1 |a Bratislava  |b Mikula  |c 2009 
300 |a 535 s. 
610 2 0 |a jazykoveda 
610 2 0 |a jazyky cudzie 
610 2 0 |a terminológia 
610 2 0 |a internet 
610 2 0 |a počítače 
100 1 |a Breveníková, Daniela 
700 1 |a Breveník, Gustáv